00422nam a22001217a 4500003000400000082001700004100001200021245017600033260004500209300000800254650001900262653001900281SGT a617.69bT23P aPoonam  aTo compare the antibacterial efficacy of 810 nm diode laser and photodynamic therapy in reducing microbial flora in patients with peri-implant mucositis bAn Invivo study  aGurugram, HaryanabSGT University c2023 a116 aProsthodontics aProsthodontics